| 000 | 00802nas a2200241 4500 | ||
|---|---|---|---|
| 001 | BR8200001 | ||
| 003 | BR-BrBNA | ||
| 005 | 20231205084948.0 | ||
| 007 | ta | ||
| 008 | 230509b bl.|||p| |||| 00| 00por d | ||
| 040 |
_aBR-BrBNA _bpor _cBiblioteca Nacional de Agricultura |
||
| 041 | _a(Pt) | ||
| 072 | _aF00 | ||
| 100 | 1 | _aRedig, A. de P. de L. | |
| 245 | 1 | _aUma introducao ao manejo do acaizeiro (Euterpe oleraceae, Mart)[Amazonia; Brasil] | |
| 246 | 1 | _a[An introduction to the treatment of the acai plant (EUTERPE OLERACEAE, Mart)[Amazon; Brazil]] | |
| 650 | _aProducao vegetal | ||
| 650 | _aAcai | ||
| 650 | _aAmazonia | ||
| 773 | 0 |
_tBrasil Florestal (Brazil) _xISSN 0045-270X _g(Jul 1981), v. 11(47) p. 7-9 _wBR8200001 |
|
| 909 |
_a202311 _bLúcia _c55 _dLúcia Elande |
||
| 942 |
_2AGRIS _n0 _cANA |
||
| 999 |
_c108400 _d108400 |
||